Sociálno-ekonomická situácia v členských a pristupujúcich krajinách Európskej únie

Ekonomická úroveň a rozvoj, regionálny HDP, nezamestnanosť, príjmová nerovnosť a chudoba, spotreba a životná úroveň, štruktúra výdavkov, samovraždy - v členských a pristupujúcich krajinách EÚ. Význam a ciele rozšírenej Únie.

Salvato in:
Dettagli Bibliografici
Autore principale: Michálek, Anton
Natura: Capitolo di libro
Lingua:slovacco
Soggetti:
Tags: Aggiungi Tag
Nessun Tag, puoi essere il primo ad aggiungerne!!

MARC

LEADER 00000naa$a2200000$$$4500
001 0020602
005 20230810111549.5
041 0 |a slo 
044 |a SK 
245 1 0 |a Sociálno-ekonomická situácia v členských a pristupujúcich krajinách Európskej únie  |c Anton Michálek 
520 |a Ekonomická úroveň a rozvoj, regionálny HDP, nezamestnanosť, príjmová nerovnosť a chudoba, spotreba a životná úroveň, štruktúra výdavkov, samovraždy - v členských a pristupujúcich krajinách EÚ. Význam a ciele rozšírenej Únie. 
610 2 0 |a situácia hospodárska 
610 2 0 |a situácia sociálna 
610 2 0 |a Európska únia 
610 2 0 |a produkt domáci hrubý 
610 2 0 |a nezamestnanosť 
610 2 0 |a príjmy 
610 2 0 |a výdavky 
610 2 0 |a úroveň životná 
100 1 |a Michálek, Anton